Central Library OPAC University of Rajshahi

Abnormal psychology and modern life / (Record no. 29294)

MARC details
000 -LEADER
fixed length control field 00968cam a2200325 i 4500
001 - CONTROL NUMBER
control field 29294
003 - CONTROL NUMBER IDENTIFIER
rucl marc code BD-RjUL
005 - DATE AND TIME OF LATEST TRANSACTION
control field 20211209051409.0
008 - FIXED-LENGTH DATA ELEMENTS--GENERAL INFORMATION
fixed length control field 140403s1976 iluaf b 001 0 eng
020 ## - INTERNATIONAL STANDARD BOOK NUMBER
International Standard Book Number 0673078892 :
035 ## - SYSTEM CONTROL NUMBER
System control number (BD-RjUL)29379
040 ## - CATALOGING SOURCE
Original cataloging agency DLC
Transcribing agency DLC
Modifying agency DLC
-- BD-RjUL
Language of cataloging eng
041 ## - LANGUAGE CODE
Language code of text/sound track or separate title eng
060 ## - NATIONAL LIBRARY OF MEDICINE CALL NUMBER
Classification number WM100 C692a
082 00 - DEWEY DECIMAL CLASSIFICATION NUMBER
Classification number 616.89
Author mark and year COA 1976
100 1# - MAIN ENTRY--PERSONAL NAME
Personal name Coleman, James C.
Fuller form of name (James Covington)
9 (RLIN) 89375
245 10 - TITLE STATEMENT
Title Abnormal psychology and modern life /
Statement of responsibility, etc. James C. Coleman.
250 ## - EDITION STATEMENT
Edition statement 5th ed.
260 ## - PUBLICATION, DISTRIBUTION, ETC. (IMPRINT)
Place of publication, distribution, etc. Glenview, Ill. :
Name of publisher, distributor, etc. Scott, Foresman,
Date of publication, distribution, etc. c1976.
300 ## - PHYSICAL DESCRIPTION
Pagination 816 p., [8] leaves of plates :
Illustrations ill. ;
Size 26 cm.
504 ## - BIBLIOGRAPHY, ETC. NOTE
Bibliography, etc Bibliography: p. 755-789.
Bibliography, etc Includes indexes.
650 #0 - SUBJECT ADDED ENTRY--TOPICAL TERM
Topical term or geographic name as entry element Psychology, Pathological.
9 (RLIN) 89395
Topical term or geographic name as entry element Psychotherapy.
9 (RLIN) 89396
Topical term or geographic name as entry element Mental disorders.
9 (RLIN) 3733
Topical term or geographic name as entry element Psychopathology.
9 (RLIN) 89397
942 ## - ADDED ENTRY ELEMENTS (KOHA)
Source of classification or shelving scheme Dewey Decimal Classification
Koha item type Books
Holdings
Lost status Source of classification or shelving scheme Damaged status Not for loan Collection code Permanent Location Current Location Shelving location Date acquired Source of acquisition Cost, normal purchase price Total Checkouts Full call number Date last seen Copy number Koha item type Date checked out
  Dewey Decimal Classification   Not For Loan Non-fiction Central Library, University of Rajshahi Central Library, University of Rajshahi Reading Room 17/11/1990 Canad Gift. 0.00   616.89 COA 1976 03/04/2014 C-1 Books  
  Dewey Decimal Classification     Non-fiction Central Library, University of Rajshahi Central Library, University of Rajshahi   16/03/1977 Heffers & Sons 10.35 2 616.89 COA 1976 10/04/2017 C-2 Books 22/03/2017
  Dewey Decimal Classification     Non-fiction Central Library, University of Rajshahi Central Library, University of Rajshahi   16/05/1977 Heffer and Sons 10.35   616.89 COA 1976 22/11/2016 C-3 Books  
  Dewey Decimal Classification     Non-fiction Central Library, University of Rajshahi Central Library, University of Rajshahi   16/05/1977 Heffer and sons 10.35   616.89 COA 1976 15/01/2017 C-4 Books  
  Dewey Decimal Classification     Non-fiction Central Library, University of Rajshahi Central Library, University of Rajshahi   23/09/1977 USSIS, Dacca     616.89 COA 1976 20/03/2017 C-5 Books